<?xml version="1.0" encoding="UTF-8"?>
<record
    xmlns:xsi="http://www.w3.org/2001/XMLSchema-instance"
    xsi:schemaLocation="http://www.loc.gov/MARC21/slim http://www.loc.gov/standards/marcxml/schema/MARC21slim.xsd"
    xmlns="http://www.loc.gov/MARC21/slim">

  <leader>01031nam a2200217 a 4500</leader>
  <controlfield tag="001">1158</controlfield>
  <controlfield tag="003">BR-CuiBMT</controlfield>
  <controlfield tag="005">20231217151742.0</controlfield>
  <controlfield tag="008">230725s2011    mgba          100 0 por d</controlfield>
  <datafield tag="020" ind1=" " ind2=" ">
    <subfield code="a">9788577004348</subfield>
  </datafield>
  <datafield tag="040" ind1=" " ind2=" ">
    <subfield code="a">BR-CuiBMT</subfield>
    <subfield code="c">BR-CuiBMT</subfield>
  </datafield>
  <datafield tag="080" ind1=" " ind2=" ">
    <subfield code="a">336.13:502.131.1</subfield>
    <subfield code="x">(062)</subfield>
    <subfield code="2">2007</subfield>
  </datafield>
  <datafield tag="090" ind1=" " ind2=" ">
    <subfield code="a">336.13:502.131.1(062)</subfield>
    <subfield code="b">S612i</subfield>
  </datafield>
  <datafield tag="111" ind1="2" ind2=" ">
    <subfield code="a">Simp&#xF3;sio Internacional sobre Gest&#xE3;o Ambiental e Controle de Contas P&#xFA;blicas</subfield>
    <subfield code="n">(1. :</subfield>
    <subfield code="d">2010 :</subfield>
    <subfield code="c">Manaus, AM) </subfield>
  </datafield>
  <datafield tag="245" ind1="1" ind2="2">
    <subfield code="a">I Simp&#xF3;sio internacional sobre gest&#xE3;o ambiental e controle de contas p&#xFA;blicas</subfield>
    <subfield code="b">O papel dos tribunais de contas /</subfield>
    <subfield code="c">[Tribunal de Contas do Estado do Amazonas, Instituto Rui Barbosa, Secretaria de Estado do Meio Ambiente e do Desenvolvimento Sustent&#xE1;vel do Estado do Amazonas].</subfield>
  </datafield>
  <datafield tag="260" ind1=" " ind2=" ">
    <subfield code="a">Belo Horizonte :</subfield>
    <subfield code="b">F&#xF3;rum,</subfield>
    <subfield code="c">2011.</subfield>
  </datafield>
  <datafield tag="300" ind1=" " ind2=" ">
    <subfield code="a">175 p. :</subfield>
    <subfield code="b">il. ;</subfield>
    <subfield code="c">22 cm</subfield>
  </datafield>
  <datafield tag="650" ind1=" " ind2=" ">
    <subfield code="a">Gest&#xE3;o ambiental</subfield>
    <subfield code="x">Tribunal de contas</subfield>
    <subfield code="z">Amazonas</subfield>
    <subfield code="v">Congressos</subfield>
  </datafield>
  <datafield tag="650" ind1=" " ind2=" ">
    <subfield code="a">Administra&#xE7;&#xE3;o p&#xFA;blica</subfield>
    <subfield code="x">Gest&#xE3;o ambiental</subfield>
    <subfield code="x">Tribunal de contas</subfield>
    <subfield code="v">Congressos</subfield>
  </datafield>
  <datafield tag="942" ind1=" " ind2=" ">
    <subfield code="2">udc</subfield>
    <subfield code="c">LV</subfield>
  </datafield>
  <datafield tag="952" ind1=" " ind2=" ">
    <subfield code="0">0</subfield>
    <subfield code="1">0</subfield>
    <subfield code="2">udc</subfield>
    <subfield code="4">0</subfield>
    <subfield code="7">0</subfield>
    <subfield code="a">BIBTCEMT</subfield>
    <subfield code="b">BIBTCEMT</subfield>
    <subfield code="d">2023-11-30</subfield>
    <subfield code="l">0</subfield>
    <subfield code="o">336.13:502.131.1(062) S612i</subfield>
    <subfield code="p">BIBTCEMT23111354</subfield>
    <subfield code="r">2023-11-30</subfield>
    <subfield code="t">Ex. 1</subfield>
    <subfield code="w">2023-11-30</subfield>
    <subfield code="y">LV</subfield>
  </datafield>
  <datafield tag="952" ind1=" " ind2=" ">
    <subfield code="0">0</subfield>
    <subfield code="1">0</subfield>
    <subfield code="2">udc</subfield>
    <subfield code="4">0</subfield>
    <subfield code="7">0</subfield>
    <subfield code="a">BIBTCEMT</subfield>
    <subfield code="b">BIBTCEMT</subfield>
    <subfield code="d">2023-11-30</subfield>
    <subfield code="l">0</subfield>
    <subfield code="o">336.13:502.131.1(062) S612i</subfield>
    <subfield code="p">BIBTCEMT23120588</subfield>
    <subfield code="r">2023-12-15</subfield>
    <subfield code="t">Ex. 2</subfield>
    <subfield code="w">2023-11-30</subfield>
    <subfield code="y">LV</subfield>
  </datafield>
  <datafield tag="999" ind1=" " ind2=" ">
    <subfield code="c">1158</subfield>
    <subfield code="d">1158</subfield>
  </datafield>
</record>
